Multiples of 13 Quiz - Statistics

General Stats
  • This quiz has been taken 204 times
  • The average score is 24 of 25
Answer Stats
Answer % Correct
13
100%
26
100%
39
100%
52
100%
65
100%
104
99%
117
99%
78
99%
91
99%
130
98%
156
95%
143
94%
169
94%
208
93%
182
92%
195
92%
221
91%
234
91%
247
91%
260
91%
273
90%
286
89%
299
89%
312
89%
325
89%
No matching quizzes found
Score Distribution
Percent of People with Each Score
Percentile by Number Answered
Your Score History
You have not taken this quiz